| 000 -LEADER |
| fixed length control field |
01851cam a2200469 a 4500 |
| 001 - CONTROL NUMBER |
| control field |
17816688 |
| 003 - CONTROL NUMBER IDENTIFIER |
| control field |
NUST |
| 005 - DATE AND TIME OF LATEST TRANSACTION |
| control field |
20220825124402.0 |
| 008 - FIXED-LENGTH DATA ELEMENTS--GENERAL INFORMATION |
| fixed length control field |
130717s2014 nyu 000 0 eng d |
| 010 ## - LIBRARY OF CONGRESS CONTROL NUMBER |
| LC control number |
2013945471 |
| 015 ## - NATIONAL BIBLIOGRAPHY NUMBER |
| National bibliography number |
GBB3A5263 |
| Source |
bnb |
| 016 7# - NATIONAL BIBLIOGRAPHIC AGENCY CONTROL NUMBER |
| Record control number |
016546873 |
| Source |
Uk |
| 020 ## - INTERNATIONAL STANDARD BOOK NUMBER |
| International Standard Book Number |
9780071827591 (pbk. : acidfree paper) |
| 020 ## - INTERNATIONAL STANDARD BOOK NUMBER |
| International Standard Book Number |
0071827595 (pbk. : acidfree paper) |
| 035 ## - SYSTEM CONTROL NUMBER |
| System control number |
(OCoLC)ocn864085352 |
| 038 ## - RECORD CONTENT LICENSOR |
| Staff Name |
Azhar |
| 040 ## - CATALOGING SOURCE |
| Original cataloging agency |
UKMGB |
| Language of cataloging |
eng |
| Transcribing agency |
UKMGB |
| Modifying agency |
OCLCO |
| -- |
JRZ |
| -- |
NTE |
| -- |
UOK |
| -- |
YDXCP |
| -- |
VJ2 |
| -- |
OCLCO |
| -- |
DLC |
| 042 ## - AUTHENTICATION CODE |
| Authentication code |
lccopycat |
| 050 00 - LIBRARY OF CONGRESS CALL NUMBER |
| Classification number |
PE1128 |
| Item number |
.S727 2014 |
| 082 04 - DEWEY DECIMAL CLASSIFICATION NUMBER |
| Classification number |
428.24 |
| Edition number |
23 |
| Author Mark |
ZWI |
| 100 1# - MAIN ENTRY--PERSONAL NAME |
| Personal name |
Zwier, Lawrence J., |
| Relator term |
author. |
| 9 (RLIN) |
96142 |
| 245 10 - TITLE STATEMENT |
| Title |
400 must-have words for the TOEFL |
| Statement of responsibility, etc. |
Lawrence J. Zwier and Lynn Stafford-Yilmaz. |
| 246 14 - VARYING FORM OF TITLE |
| Title proper/short title |
McGraw-Hill education 400 must-have words for the TOEFL |
| 246 3# - VARYING FORM OF TITLE |
| Title proper/short title |
400 words for the TOEFL |
| 246 3# - VARYING FORM OF TITLE |
| Title proper/short title |
Four hundred must-have words for the TOEFL |
| 246 3# - VARYING FORM OF TITLE |
| Title proper/short title |
Four hundred words for the TOEFL |
| 250 ## - EDITION STATEMENT |
| Edition statement |
Second edition. |
| 260 ## - PUBLICATION, DISTRIBUTION, ETC. |
| Place of publication, distribution, etc. |
New York : |
| Name of publisher, distributor, etc. |
McGraw-Hill Education, |
| Date of publication, distribution, etc. |
2014 |
| 300 ## - PHYSICAL DESCRIPTION |
| Extent |
xiii, 208 pages ; |
| Dimensions |
23 cm |
| 336 ## - CONTENT TYPE |
| Content type term |
text |
| Source |
rdacontent |
| 337 ## - MEDIA TYPE |
| Media type term |
unmediated |
| Source |
rdamedia |
| 338 ## - CARRIER TYPE |
| Carrier type term |
volume |
| Source |
rdacarrier |
| 520 ## - SUMMARY, ETC. |
| Summary, etc. |
"...410 commonly tested words, more than 150 activities and exercises, and a free Language Lab app to help you study"--Cover. |
| 650 #0 - SUBJECT ADDED ENTRY--TOPICAL TERM |
| Topical term or geographic name entry element |
Test of English as a Foreign Language |
| Form subdivision |
Study guides. |
| 9 (RLIN) |
55500 |
| 650 #0 - SUBJECT ADDED ENTRY--TOPICAL TERM |
| Topical term or geographic name entry element |
English language |
| Form subdivision |
Textbooks for foreign speakers. |
| 9 (RLIN) |
13132 |
| 650 #0 - SUBJECT ADDED ENTRY--TOPICAL TERM |
| Topical term or geographic name entry element |
English language |
| General subdivision |
Examinations |
| Form subdivision |
Study guides. |
| 9 (RLIN) |
55501 |
| 650 #0 - SUBJECT ADDED ENTRY--TOPICAL TERM |
| Topical term or geographic name entry element |
Vocabulary |
| General subdivision |
Examinations |
| Form subdivision |
Study guides. |
| 9 (RLIN) |
96143 |
| 700 1# - ADDED ENTRY--PERSONAL NAME |
| Personal name |
Stafford-Yilmaz, Lynn, |
| Relator term |
author. |
| 9 (RLIN) |
96144 |
| 906 ## - LOCAL DATA ELEMENT F, LDF (RLIN) |
| a |
7 |
| b |
cbc |
| c |
copycat |
| d |
2 |
| e |
epcn |
| f |
20 |
| g |
y-gencatlg |
| 942 ## - ADDED ENTRY ELEMENTS (KOHA) |
| Source of classification or shelving scheme |
|
| Koha item type |
Lincoln Corner |